000 00337nam a22001577a 4500
003 MACL
005 20151120151929.0
008 151120b xxu||||| |||| 00| 0 eng d
040 _cMACL
041 _aEnglish
082 _a610
100 _aDr.Singh,P.K
_917421
245 _aWeight Loss
650 _aHealth
_917631
942 _2ddc
_cBK
999 _c50754
_d50754